000 00855nas a2200241 4500
001 19179
003 BD-RjUL
005 20211209000409.0
008 140223s1957 enkuu p 0 a0eng d
035 _aBD-RjUL)19237
040 _aEQO
_cEQO
_beng
_dBD-RjUL
041 _aeng
082 _a 828.008
_bREA 1957 V-1
245 0 0 _aReader's digest condensed books /
_nVolume 1 :
_p1957 Winter Selection
260 _aLondon :
_bReader's Digest Association,
_c1957
300 _a575p. ;
_c20 cm.
515 _aVol. numbering ceased with vol. 9, 1956; new system of numbering began with A10 in 1956.
650 0 _aCondensed books
_vPeriodicals.
_959002
650 0 _aEnglish literature
_y20th century
_vPeriodicals.
_959003
650 0 _aEnglish literature
_y21st century
_vPeriodicals.
_959004
710 2 0 _aReader's Digest Association.
_959005
942 _2ddc
_cBK
999 _c19179
_d19179